[Event "FRA-chT"]
[Site "France"]
[Date "1999.??.??"]
[Round "11"]
[White "Moingt, Anne"]
[Black "Gervais, Claire"]
[Result "1-0"]
[WhiteElo "2117"]
[BlackElo "2212"]
[PlyCount "55"]
[EventDate "1999.02.??"]
[EventType "team"]
[EventRounds "11"]
[EventCountry "FRA"]
[SourceTitle "EXT 2000"]
[Source "ChessBase"]
[SourceDate "1999.11.16"]
[SourceVersion "1"]
[SourceVersionDate "1999.11.16"]
[SourceQuality "1"]

1. e4 e6 2. d4 d5 3. Nd2 dxe4 4. Nxe4 Bd7 5. Nf3 Nf6 6. Bd3 Nxe4 7. Bxe4 Bc6 8. Bd3 Nd7 9. 0-0 Be7 10. Re1 Bxf3 11. Qxf3 c6 12. Qg3 Bf6 13. c3 Nf8 14. Qh3 Qd6 15. a4 0-0-0 16. Be4 Ng6 17. b4 Nf4 18. Qf3 Nd5 19. Bb2 Rd7 20. b5 Bg5 21. bxc6 bxc6 22. c4 f5 23. Bxd5 cxd5 24. c5 Qa6 25. c6 Re7 26. Ba3 Ree8 27. Qg3 Bd2 28. Reb1 1-0